Mío Cid Campeador: Hazaña

Gorde:
Xehetasun bibliografikoak
Egile nagusia: Huidobro, Vicente
Formatua: Liburua
Hizkuntza:Undetermined
Argitaratua: Santiago, Chile Editorial Andrés Bello 1975
Edizioa:5
Gaiak:
Etiketak: Etiketa erantsi
Etiketarik gabe, Izan zaitez lehena erregistro honi etiketa jartzen!

MARC

LEADER 00000nam a2200000Ia 4500
008 170316s9999 xx 000 0 und d
040 |a cru BVZT 
090 |a 860 H-15m 
100 |a Huidobro, Vicente 
245 |a Mío Cid Campeador: Hazaña 
250 |a 5 
260 |a Santiago, Chile 
260 |b Editorial Andrés Bello 
260 |c 1975 
300 |a 365 páginas 
650 |a LITERATURA LATINOAMERICANA 
999 |c 8809  |d 8809 
942 |c 15 D  |h 860 H-15m  |2 z